Представление документа в формате RUSMARC

ПолеНазваниеЗначение
  Тип записи a
  Библиографический уровень c
001 Контрольный номер RU/SLIB/B/208754992
005 Дата корректировки 20201206204148.9
010 Индекс ISBN __
d Цена 150-00; 4-20
101 Язык документа __
a Язык текста rus
c Язык оригинала rus
200 Заглавие и сведения об ответственности 1_
a Заглавие Здесь жил и работал Лев Толстой
e Сведения, относящиеся к заглавию в альбоме репродуцированы произведения чл.-кор. Акад. художеств СССР Б.В. Щербакова
f Первые сведения об ответственности Б. В. Щербаков
b Общее обозначение материала Текст
210 Выходные данные __
a Место издания М.
c Издательство Изобраз. искусство
d Дата издания 1978
215 Физическое описание __
a Объем 128 с.
c Иллюстрации/тип воспроизводства ил.
300 Общие примечания __
a Общие примечания Дар (1 экз.)
330 Аннотация __
a Аннотация Художник с реалистическим даром раскрывает глубокие связи творчества великого писателя с литературными местами.
600 Персоналии __
a Персоналии (Фамилия) Толстой, Л. Н.
g Полное имя Лев Николаевич
600 Персоналии __
a Персоналии (Фамилия) Щербаков, Б. В.
c Дополнение к имени художник советский
f Даты 1916-1995
g Полное имя Борис Валентинович
606 Тематические рубрики __
a Основная рубрика Изобразительное искусство и архитектура
y Географическая подрубрика Россия
606 Тематические рубрики __
a Основная рубрика Литературоведение
z Хронологическая подрубрика 19 в.
y Географическая подрубрика Россия
606 Тематические рубрики __
a Основная рубрика История живописи
606 Тематические рубрики __
a Основная рубрика Русская литература XIX в.
610 Ключевые слова __
a Ключевые слова писатели; репродукции; художественное творчество; изобразительное искусство; изобразительная деятельность; персоналии
686 Индексы других классификаций __
a Классификационный индекс 85.143(2=411.2)6-8я61
686 Индексы других классификаций __
a Классификационный индекс 83.3(2=411.2)6-8я61
700 Автор __
a Фамилия Щербаков
b Имя Б. В.
4 Код отношения 070
801 Источник записи _0
a Страна RU
b Организация Муниципальное бюджетное учреждение культуры "Централизованная библиотечная система" г. Сургут (Центральная городская библиотека им. А. С. Пушкина)
g Правила каталогизации КиК/Михайлова; КиК/Елгина
801 Источник записи _1
a Страна RU
b Организация Муниципальное бюджетное учреждение культуры "Централизованная библиотечная система" г. Сургут (Центральная городская библиотека им. А. С. Пушкина)
g Правила каталогизации КиК/Михайлова; КиК/Елгина
852 Данные о местонахождении __
j Шифр хранения 85.143(2=411.2)6-8я61
c Каталожный индекс 85.143(2)6-8я6; 83.3(2Рос=Рус)1-8я6
i Авторский знак Щ 61
p Инвентарный номер 116861(с); 116895(с); 125961(с)
901 Тип документа __
t Тип документа x
903 Характеристики (МАРС) __
a Дата передачи 20071024
969 Тип издания __
a Тип издания сборник
990 Данные о заказе (DOS) __
j Количество экземпляров (DOS) 3
t N записи в КСУ для И/У (DOS) 200710